01040nam a2200169Ia 4500008004100000020002500041082001800066245024600084250000700330260002400337300001400361505026400375650005100639700007100690952009200761999001700853120629s9999 xx 000 0 und d a978-968-455-55-832-8 a343.052 I34i  aImpuesto sobre la renta 2008/ los títulos, indices, compilaciones, correlaciones, referencias, comentarios, ejemplos y sinopsis no forman parte del texto legal, son labor autoral efectuada por Enrique Domínguez Mota, Carlos Ocampo Medina a30 aMéxico : Dofiscal aIrregular aIndices ISR.-- Disposiciones Generales.-- Personas Morales.-- Personas Físicas.-- Residentes en el Extranjero, Regimenes Físcales Preferentes, Estimulos Fiscales.-- Transitorios.-- Reglamento de la ley del Impuesto Sobre la Renta. -- Impuesto al Activo. - a1. IMPUESTOS SOBRE LA RENTA-LEGISLACION-MEXICO aDomínguez Mota, Enrique; comp. \ Ocampo Medina, Carlos; comp.Ì 00104070a15b15d2008-04-04l0o343.052 I34I p15 002724r2017-12-07w2012-06-28yLB c76201d76201